| 000 | 00577nam a22002177a 4500 | ||
|---|---|---|---|
| 003 | OSt | ||
| 005 | 20140310182907.0 | ||
| 008 | 130128t xxu||||| |||| 00| 0 eng d | ||
| 020 | _a9789715849975 | ||
| 050 |
_aKPM 1220 _b.P967 2010 |
||
| 082 |
_aFIL 331 _b.P967 2010 |
||
| 245 |
_aPhilippine labor standards guidebook _cProtacio, Sally Solidum |
||
| 260 |
_aQuezon City _bC & E Pub. _cc2010 |
||
| 300 |
_axiv, 338 p. _c22 cm. |
||
| 521 | _acollege students | ||
| 526 | _c1210L-1700L | ||
| 541 | _j1 | ||
| 541 | _j2 | ||
| 562 | _e2 | ||
| 942 |
_2lcc _cBK _kFIL |
||
| 999 |
_c17168 _d17168 |
||